000 01060cam a2200301 a 4500
999 _c128434
_d128434
001 1392762
003 ARRUPE
005 20181023112717.0
008 830207s1982 at b 000 0ceng
010 _a 82126094
020 _a0195543386 :
_c$24.95
020 _a0195543394 (pbk.) :
_c$14.95
040 _aDLC
_cDLC
_dDLC
043 _aa-vt---
_au-at---
050 0 0 _aHV640.5.V5
_bH399
082 0 0 _a325/.21/09597
_219
245 0 0 _aRefugee :
_bthe Vietnamese experience /
_cedited by Lesleyanne Hawthorne.
260 _aMelbourne ;
_bOxford University Press,
_c1982.
300 _axvi, 330 p. ;
_c23 cm.
504 _aBibliography: p. 329-330.
650 0 _aRefugees
_zVietnam
_xInterviews.
_943088
700 1 _aHawthorne, Lesleyanne,
_d1951-
_943089
906 _a7
_bcbc
_corignew
_d3
_encip
_f19
_gy-gencatlg
942 _2lcc
_cMONOGRAPH